Nusantara Trivia - Statistics

General Stats
  • This quiz has been taken 18 times
  • The average score is 4 of 8
Answer Stats
Clue Answer % Correct
What country is Nusantara the capital of? Indonesia
100%
And what city did it replace? Jakarta
100%
What island is Nusantara located on? Borneo
93%
What year did Nusantara start being built? 2022
53%
What year is Nusantara expected to be finished (as of 2024) 2045
53%
And what language does it come from? Javanese
20%
What will be the population cap? (nearest 100,000) 1.91 million
13%
What does Nusantara mean? Outer Islands
0%
No matching quizzes found
Score Distribution
Percent of People with Each Score
Percentile by Number Answered
Your Score History
You have not taken this quiz